Statistics for Supernatural Episodes

Click here to take the quiz!

General Stats

  • This quiz has been taken 415 times
    (322 since last reset)
  • The average score is 150 of 327

Answer Stats

HintAnswer% Correct
S01E01Pilot
98%
S01E02Wendigo
93%
S01E03Dead in the Water
86%
S01E05Bloody Mary
83%
S01E08Bugs
82%
S01E09Home
79%
S02E21All Hell Breaks Loose Part 1
76%
S02E22All Hell Breaks Loose Part 2
76%
S01E12Faith
75%
S01E07Hook Man
75%
S01E06Skin
75%
S01E10Asylum
74%
S01E13Route 666
73%
S05E08Changing Channels
72%
S01E22Devil's Trap
72%
S04E01Lazarus Rising
72%
S01E11Scarecrow
72%
S04E22Lucifer Rising
71%
S05E22Swan Song
71%
S04E02Are You There, God? It's Me, Dean Winchester
68%
S15E20Carry On
68%
S02E09Croatoan
68%
S02E01In My Time of Dying
68%
S02E04Children Shouldn't Play with Dead Things
67%
S01E20Dead Man's Blood
67%
S01E19Provenance
67%
S03E13Ghostfacers
66%
S01E17Hellhouse
66%
S03E11Mystery Spot
66%
S01E15The Benders
66%
S01E14Nightmare
65%
S01E18Something Wicked
64%
S04E06Yellow Fever
64%
S04E07It's the Great Pumpkin, Sam Winchester
62%
S05E04The End
62%
S06E15The French Mistake
62%
S02E19Folsom Prison Blues
61%
S04E05Monster Movie
61%
S01E21Salvation
61%
S02E05Simon Said
61%
S03E03Bad Day at Black Rock
60%
S10E05Fan Fiction
60%
S02E17Heart
60%
S02E12Nightshifter
60%
S01E16Shadow
60%
S02E15Tall Tales
60%
S10E01Black
59%
S11E04Baby
58%
S05E02Good God, Y'All!
58%
S04E19Jump the Shark
58%
S02E06No Exit
58%
S01E04Phantom Traveller
58%
S04E18The Monster at the End of This Book
58%
S02E03Bloodlust
57%
S02E14Born Under a Bad Sign
57%
S02E02Everybody Loves a Clown
57%
S02E13Houses of the Holy
57%
S05E14My Bloody Valentine
57%
S13E16Scoobynatural
57%
S07E08Season Seven, Time for a Wedding!
57%
S04E21When the Levee Breaks
57%
S05E1799 Problems
56%
S05E10Abandon All Hope...
56%
S04E13After School Special
56%
S03E08A Very Supernatural Christmas
56%
S04E15Death Takes a Holiday
56%
S04E10Heaven and Hell
56%
S02E18Hollywood Babylon
56%
S03E12Jus in Bello
56%
S03E16No Rest for The Wicked
56%
S05E11Sam, Interrupted
56%
S05E01Sympathy for the Devil
56%
S07E20The Girl with the Dungeons and Dragons Tattoo
56%
S05E09The Real Ghostbusters
56%
S09E15#THINMAN
56%
S08E01We Need to Talk About Kevin
56%
S05E15Dead Men Don't Wear Plaid
55%
S09E05Dog Dean Afternoon
55%
S05E03Free to Be You and Me
55%
S04E16On the Head of a Pin
55%
S06E02Two and a Half Men
55%
S05E19Hammer of the Gods
54%
S02E11Playthings
54%
S02E16Roadkill
54%
S04E14Sex and Violence
54%
S05E07The Curious Case of Dean Winchester
54%
S05E21Two Minutes to Midnight
54%
S13E10Wayward Sisters
54%
S06E04Weekend at Bobby's
54%
S05E06I Believe the Children Are Our Future
53%
S06E20The Man Who Would Be King
53%
S03E07Fresh Blood
52%
S04E09I Know What You Did Last Summer
52%
S07E01Meet the New Boss
52%
S04E20The Rapture
52%
S08E02What's Up, Tiger Mommy?
52%
S07E10Death's Door
51%
S11E20Don't Call Me Shurley
51%
S06E01Exile on Main St.
51%
S06E05Live Free or Twihard
51%
S06E14Mannequin 3: The Reckoning
51%
S03E01The Magnificent Seven
51%
S11E23Alpha and Omega
50%
S02E08Crossroad Blues
50%
S02E10Hunted
50%
S08E11LARP and the Real Girl
50%
S08E23Sacrifice
50%
S02E20What Is and What Should Never Be
50%
S06E08All Dogs Go to Heaven
49%
S03E10Dream a Little Dream of Me
49%
S14E13Lebanon
49%
S03E09Malleus Maleficarum
49%
S06E17My Heart Will Go On
49%
S07E06Slash Fiction
49%
S09E20Bloodlines
48%
S06E18Frontierland
48%
S07E02Hello, Cruel World
48%
S08E08Hunteri Heroici
48%
S04E17It's a Terrible Life
48%
S06E19Mommy Dearest
48%
S07E18Party on, Garth
48%
S12E11Regarding Dean
48%
S12E17The British Invasion
48%
S06E03The Third Man
48%
S04E08Wishful Thinking
48%
S12E23All Along the Watchtower
47%
S09E18Meta Fiction
47%
S08E20Pac-Man Fever
47%
S05E20The Devil You Know
47%
S07E03The Girl Next Door
47%
S03E02The Kids Are Alright
47%
S06E22The Man Who Knew Too Much
47%
S02E07The Usual Suspects
47%
S11E05Thin Lizzie
47%
S10E18Book of the Damned
46%
S10E23Brother's Keeper
46%
S04E12Criss Angel Is a Douchebag
46%
S10E07Girls, Girls, Girls
46%
S08E03Heartache
46%
S11E09O Brother Where Art Thou?
46%
S10E03Soul Survivor
46%
S08E07A Little Slice of Kevin
45%
S09E07Bad Boys
45%
S08E05Blood Brother
45%
S09E11First Born
45%
S12E08LOTUS
45%
S12E02Mamma Mia
45%
S07E14Plucky Pennywhistle's Magical Menagerie
45%
S07E21Reading is Fundamental
45%
S11E17Red Meat
45%
S07E05Shut Up, Dr. Phil
45%
S05E13The Song Remains the Same
45%
S07E11Adventures in Babysitting
44%
S03E05Bedtime Stories
44%
S07E09How to Win Friends and Influence Monsters
44%
S04E03In the Beginning
44%
S14E19Jack in the Box
44%
S03E06Red Sky at Morning
44%
S10E02Reichenbach
44%
S09E10Road Trip
44%
S11E03The Bad Seed
44%
S07E07The Mentalists
44%
S06E16...And Then There Were None
43%
S11E15Beyond the Mat
43%
S06E09Clap Your Hands If You Believe...
43%
S05E16Dark Side of the Moon
43%
S04E04Metamorphosis
43%
S10E16Paint It Black
43%
S05E12Swap Meat
43%
S07E13The Slice Girls
43%
S09E19Alex Annie Alexis Ann
42%
S12E04American Nightmare
42%
S10E20Angel Heart
42%
S06E11Appointment in Samarra
42%
S06E10Caged Heat
42%
S05E05Fallen Idols
42%
S11E02Form and Void
42%
S11E18Hell's Angel
42%
S10E08Hibbing 911
42%
S09E03I'm No Angel
42%
S11E11Into the Mystic
42%
S09E01I Think I'm Gonna Like It Here
42%
S12E01Keep Calm and Carry On
42%
S03E14Long Distance Call
42%
S08E15Man's Best Friend with Benefits
42%
S11E01Out of the Darkness, Into the Fire
42%
S11E07Plush
42%
S03E04Sin City
42%
S08E06Southern Comfort
42%
S07E23Survival of the Fittest
42%
S10E14The Executioner's Song
42%
S12E03The Foundry
42%
S10E10The Hunter Games
42%
S12E21There's Something About Mary
42%
S11E14The Vessel
42%
S07E12Time After Time
42%
S15E18Despair
41%
S06E07Family Matters
41%
S04E11Family Remains
41%
S11E08Just My Imagination
41%
S09E21King of the Damned
41%
S12E16Ladies Drink Free
41%
S06E12Like a Virgin
41%
S05E18Point of No Return
41%
S11E16Safe House
41%
S09E12Sharp Teeth
41%
S09E22Stairway to Heaven
41%
S08E19Taxi Driver
41%
S11E19The Chitters
41%
S11E10The Devil in the Details
41%
S09E13The Purge
41%
S03E15Time is on My Side
41%
S13E06Tombstone
41%
S12E06Celebrating the Life of Asa Fox
40%
S08E09Citizen Fang
40%
S08E22Clip Show
40%
S09E17Mother's Little Helper
40%
S10E04Paper Moon
40%
S12E15Somewhere Between Heaven and Hell
40%
S12E14The Raid
40%
S09E14Captives
39%
S09E02Devil May Care
39%
S12E09First Blood
39%
S06E21Let It Bleed
39%
S12E10Lily Sunder Has Some Regrets
39%
S09E08Rock and a Hard Place
39%
S11E22We Happy Few
39%
S11E21All in the Family
38%
S08E04Bitten
38%
S13E11Breakdown
38%
S07E15Repo Man
38%
S13E09The Bad Place
38%
S08E21The Great Escapist
38%
S15E17Unity
38%
S08E13Everybody Hates Hitler
37%
S08E17Goodbye Stranger
37%
S14E20Moriah
37%
S13E03Patience
37%
S12E12Stuck in the Middle (With You)
37%
S06E06You Can't Handle the Truth
37%
S09E06Heaven Can't Wait
36%
S15E05Proverbs 17:3
36%
S07E17The Born-Again Identity
36%
S07E22There Will Be Blood
36%
S15E03The Rupture
36%
S12E20Twigs & Twine & Tasha Banes
36%
S14E17Game Night
35%
S10E13Halt & Catch Fire
35%
S07E19Of Grave Importance
35%
S11E06Our Little World
35%
S07E16Out with the Old
35%
S14E03The Scar
35%
S10E19The Werther Project
35%
S13E15A Most Holy Man
34%
S10E06Ask Jeeves
34%
S15E04Atomic Monsters
34%
S11E12Don't You Forget About Me
34%
S13E19Funeralia
34%
S11E13Love Hurts
34%
S12E07Rock Never Dies
34%
S09E04Slumber Party
34%
S12E05The One You've Been Waiting For
34%
S13E17The Thing
34%
S13E21Beat the Devil
33%
S10E21Dark Dynasty
33%
S07E04Defending Your Life
33%
S09E09Holy Terror
33%
S06E13Unforgiven
33%
S12E22Who We Are
33%
S13E05Advanced Thanatology
32%
S13E13Devil's Bargain
32%
S09E23Do You Believe in Miracles?
32%
S13E22Exodus
32%
S14E04Mint Condition
32%
S14E14Ouroboros
32%
S08E16Remember the Titans
32%
S14E01Stranger in a Strange Land
32%
S13E04The Big Empty
32%
S12E19The Future
32%
S10E11There's No Place Like Home
32%
S14E09The Spear
32%
S08E10Torn and Frayed
32%
S08E14Trial and Error
32%
S10E12About a Boy
31%
S08E12As Time Goes By
31%
S15E19Inherit the Earth
31%
S13E23Let the Good Times Roll
31%
S14E06Optimism
31%
S13E02The Rising Son
31%
S13E08The Scorpion and the Frog
31%
S10E15The Things They Carried
31%
S15E09The Trap
31%
S14E18Absence
30%
S15E01
Back and to the Future
30%
S08E18Freaks and Geeks
30%
S15E12Galaxy Brain
30%
S15E15Gimme Shelter
30%
S15E07Last Call
30%
S15E14Last Holiday
30%
S13E01Lost and Found
30%
S14E05Nightmare Logic
30%
S14E10Nihilism
30%
S10E22The Prisoner
30%
S13E07War of the Worlds
30%
S15E13Destiny's Child
29%
S14E02Gods and Monsters
29%
S15E11The Gamblers
29%
S13E12Various & Sundry Villains
29%
S09E16Blade Runners
28%
S13E18Bring 'em Back Alive
28%
S14E16Don't Go in the Woods
28%
S12E13Family Feud
28%
S10E17Inside Man
28%
S15E10The Heroes' Journey
28%
S10E09The Things We Left Behind
28%
S13E20Unfinished Business
28%
S14E08Byzantium
27%
S13E14Good Intentions
27%
S15E08Our Father, Who Aren't in Heaven
27%
S14E12Prophet and Loss
27%
S12E18The Memory Remains
27%
S15E16Drag Me Away (From You)
26%
S15E06Golden Time
26%
S15E02Raising Hell
26%
S14E11Damaged Goods
25%
S14E15Peace of Mind
25%
S14E07Unhuman Nature
25%

Score Distribution

Percentile by Number Answered

Percent of People with Each Score

Your Score History

You have not taken this quiz since the last reset